| 000 | 01002nam0a22002771 4500 | ||
|---|---|---|---|
| 001 | rc\3378149 | ||
| 005 | 20250609223137.0 | ||
| 021 |
_aRU _b[70-34101] |
||
| 035 | _a(NLR Aleph) 007532845 | ||
| 090 |
_a7760331 _c7760331 |
||
| 100 | _a20130115d1970 |||y0rusy50 ca | ||
| 101 | 0 | _arus | |
| 102 | _aRU | ||
| 105 | _ay z ||||| | ||
| 200 | 1 | _aАбхазская организация Компартии Грузии в борьбе за организационно-хозяйственное укрепление колхозов. (1946-1966 гг.) | |
| 210 |
_aСухуми _cАлашара _d1970 |
||
| 215 |
_a159 с. _d21 |
||
| 320 | _aБиблиогр.: с. 153-158 | ||
| 601 | 0 | 2 |
_aКП Грузии _xИстория _xАбхазская организация _2psbo |
| 606 |
_aКолхозы _yГССР _xИстория _z1946-1966 _2psbo |
||
| 700 | 1 |
_aАвидзба _bХ.А. |
|
| 801 | 0 |
_aRU _bNLR _gpsbo |
|
| 801 | 1 |
_aRU _bELAR _2rusmarc |
|
| 852 |
_aNLR _j70-3/2072 |
||
| 942 | _cBOOK | ||
| 980 | _aNB | ||